50 States, 50 Cities - Statistics

General Stats
  • This quiz has been taken 1,774 times
  • The average score is 30 of 50
Answer Stats
City State % Correct
Anaheim California
92%
Mobile Alabama
88%
Flint Michigan
85%
Dayton Ohio
85%
Myrtle Beach South Carolina
85%
Lexington Kentucky
81%
Ithaca New York
81%
Bangor Maine
79%
Duluth Minnesota
79%
Allentown Pennsylvania
79%
Provo Utah
79%
Cambridge Massachusetts
77%
Shreveport Louisiana
75%
Sioux City Iowa
74%
Macon Georgia
73%
Yuma Arizona
72%
Saint Augustine Florida
70%
Butte Montana
69%
Asheville North Carolina
68%
Oshkosh Wisconsin
68%
Bridgeport Connecticut
64%
Laramie Wyoming
63%
Coeur d'Alene Idaho
62%
Norman Oklahoma
61%
Bend Oregon
61%
Rapid City South Dakota
58%
Irving Texas
58%
Morgantown West Virginia
58%
Henderson Nevada
56%
Independence Missouri
55%
Naperville Illinois
54%
Durango Colorado
53%
Pine Bluff Arkansas
51%
North Platte Nebraska
51%
Suffolk Virginia
51%
Portsmouth New Hampshire
45%
Minot North Dakota
45%
Skagway Alaska
44%
Edison New Jersey
44%
Warwick Rhode Island
42%
Clarksville Tennessee
40%
Captain Cook Hawaii
39%
Carmel Indiana
39%
Biloxi Mississippi
38%
Salina Kansas
36%
Salisbury Maryland
33%
Rutland Vermont
32%
Kennewick Washington
32%
Deming New Mexico
25%
Georgetown Delaware
23%
No matching quizzes found
Score Distribution
Percent of People with Each Score
Percentile by Number Answered
Your Score History
You have not taken this quiz